000 01492nam a2200325 i 4500
003 DO-SdBNP
005 20250807143002.0
007 ta
008 201204e1973 dr ad||| |||| 00| 0 spa d
040 _aDO-SdBNP
_bspa
_cBNPHU
_erda
041 _aspa
082 4 _a338.1
_bD542g 1983
_222
100 1 _aDíaz O., Joaquín,
_d1983-
_eautor
_4aut.
_977514
245 1 3 _aLa generación, transparencia y adopción de tecnología en el sector agropecuario dominicano /
_bJoaquín Díaz O.
250 _aSegunda edición
264 1 _aSanto Domingo :
_bUASD,
_c1983.
300 _a59 páginas :
_bilustraciones, graficas ;
_c17 cm.
336 _atexto
_btxt
_2rdacontent
337 _asin mediación
_bn
_2rdamedia
338 _avolumen
_bnc
_2rdacarrier
500 _aPonencia presentada en el Congreso Internacional de Sociología Rural, organizado por la Facultad de Ciencias Económicas y Sociales de la UASD y por La Asociación Latinoamericana de Sociología Rural.
500 _aIncluye referencias bibliográficas y notas al pie de las páginas.
504 _aBibliografía: páginas 57-59
505 _a1-Introducción --
_t2-Desarrollo de un marco conceptual para estudiar la tecnología agropecuaria de un país --
_t3-El caso dominicano --
_t4-Conclusiones --
_t5-Bibliografía.
590 _aInventariado, 2021 / DG
650 4 _aIndustrias agropecuarias
_xInnovaciones tecnológicas
_978328
710 1 _4Universidad Autónoma de Santo Domingo
910 _aD/G
942 _2ddc
_cLBS1
999 _c49235
_d49235